000 00265nam a22001217a 4500
008 170615b xxu||||| |||| 00| 0 eng d
041 _aeng
080 _a94(7/8)
100 _a16
101 _aSHH
245 _aAN AMERICAN PRIMER
_cBOORSTIN,D.J
942 _2udc
_cBK
999 _c17601
_d17601